Countries that start with A - One Minute Sprint - Statistics

General Stats
  • This quiz has been taken 86 times
  • The average score is 9 of 11
Answer Stats
Answer % Correct
Armenia
92%
Australia
91%
Austria
89%
Albania
88%
Angola
87%
Argentina
87%
Afghanistan
83%
Algeria
80%
Andorra
80%
Azerbaijan
80%
Antigua & Barbuda
59%
No matching quizzes found
Score Distribution
Percent of People with Each Score
Percentile by Number Answered
Your Score History
You have not taken this quiz